| 000 | 00597nam a2200229Ia 4500 | ||
|---|---|---|---|
| 003 | OSt | ||
| 005 | 20221007082427.0 | ||
| 006 | a|||||r|||| 00| 0 | ||
| 007 | ta | ||
| 008 | 221006b |||||||| |||| 00| 0 eng d | ||
| 024 | _a17,285 | ||
| 037 | _cReports / Technical Reports | ||
| 040 |
_aFLL _cFLL _beng |
||
| 041 |
_2eng _aeng |
||
| 082 | _aXM55:81.3:N7, L7 | ||
| 110 | _aGovt. of india | ||
| 245 | 0 | _aConduct of company directors | |
| 260 | _c1977 | ||
| 700 | _aGovt. of india | ||
| 942 |
_hXM55:81.3:N7, L7 _cREP _2CC |
||
| 999 |
_c1166383 _d1166383 |
||